000
00274nam a2200109Ia 4500
001
1262009
005
20260417140403.0
008
260417s9999 xx 000 0 und d
020
_a
9789752899285
245
0
_a
Gizli Emir
_c
Melih Cevdet Anday
260
_b
Everest Yayınları
999
_c
1262009
_d
1262009